000 00657nam a2200181 a 4500
001 000026357
005 20200930024526.0
008 110315s1971 sp 000 0 spa d
040 _aDO-SdBNP
_bspa
_cBNPHU
100 1 _aBury, John B.
_953385
240 1 0 _aThe idea of progress. An inquiry its origin and growtb
_lInglés
245 1 0 _aLa idea del progreso /
_cJohn B. Bury ; traductores Elías Díaz y Julio Rodríguez Aramberri.
260 _aMadrid :
_bAlianza Editorial,
_c1971.
300 _a327 p. ;
_c19 cm.
500 _aTraducido del idioma inglés
700 1 _aDíaz, Elías,
_etrad.
_919288
700 1 _aRodríguez Aramberri, Julio,
_etrad.
_953386
999 _c25849
_d25849